000 00755nam a22001815i 4500
001 166143
003 ES-MaACL
005 20230906213255.0
008 050912s1785 it | |||||||| ||ita d
040 _aCAM
_bspa
_cCAM
100 1 _aTentori, Cristoforo.
_9133177
245 1 0 _aSaggio sulla storia civile, politica, ecclesiastica e sulla corografia e topografia degli stati della Repubblica di Venezia ... /
_cdell'Ab. D. Cristoforo Tentori ; tomo quarto.
260 _aIn Venezia :
_bappresso Giacomo Storti,
_c1785.
300 _a[8], 418 p., [2] en bl. ;
_c8ยบ.
597 _aSign.: [ ]4, A-Z8, 2A-2B8, 2C10.
651 4 _aVenecia-
_xHistoria.
_99515
852 _aES-MaACL
_j R-428-39
_z-- Enc. hol.
_x Olim: C-19372-83
999 _c166143
_d166143